Namenstage April - Statistiken

Allgemein
  • Dieses Quiz wurde 14 mal gespielt
  • Das Durchschnittsergebnis liegt bei 55 aus 87
Antwortstatistiken
Tag\April 📍 Vorname(n) % Korrekt
3. April El.s.b..h ♀️ Elisabeth
100%
25. April E.w.n ♂️ Erwin
100%
20. April Hi.d.g..d ♀️ Hildegund(e)
100%
I.e.e ♀️ Irene
100%
I.e.e ♀️ Irene*
100%
Jö.g ♂️ Jörg
100%
J.l.a ♀️ Julia
100%
Jü.g.n ♂️ Jürgen
100%
K.i ♂️ Kai
100%
Ku.t ♂️ Kurt
100%
Ma.c ♂️ Marc
100%
Ma.t.n ♂️ Martin
100%
R.d..f ♂️ Rudolf
100%
Wi.h..m ♂️ Wilhelm
100%
18. April Al.c.a ♀️ Alicja
90%
17. April Eb..h..d ♂️ Eberhard
90%
2. April F.a.z ♂️ Franz
90%
Ge.h..d ♂️ Gerhard
90%
He.w.g ♀️ Hedwig
90%
7. April He.m..n ♂️ Hermann
90%
J.l..s ♂️ Julius
90%
L.o ♂️ Leo
90%
Ma.k.s ♂️ Markus
90%
R.c.a.d ♂️ Richard
90%
Wi.f.i.d ♂️ Wilfried
90%
Wi.f.i.d ♂️ Wilfried*
90%
22. April A.f..d ♂️ Alfred
80%
9. April Dm.t.i ♂️ Dmitri
80%
19. April F.i.d.i.h ♂️ Friedrich
80%
24. April He.m.t ♂️ Helmut
80%
13. April I.a ♀️ Ida
80%
Iv.n.e ♀️ Ivonne
80%
5. April J.l.a.a ♀️ Juliana
80%
K.t..r..a ♀️ Katharina
80%
Ko.r.d ♂️ Konrad
80%
Ko.r.d ♂️ Konrad*
80%
Pa.l.s ♂️ Paulus
80%
R.b..t ♂️ Robert
80%
Sa.k.a ♀️ Saskia
80%
Wa.t.r ♂️ Walter
80%
We.n.r ♂️ Werner
80%
23. April Ad..b..t ♂️ Adalbert
70%
21. April Al..a.d.a ♀️ Alexandra
70%
8. April B.a.e ♀️ Beate
70%
29. April Di.t.i.h ♂️ Dietrich
70%
10. April E.g..b..t ♂️ Engelbert
70%
26. April H.l..e ♀️ Helene
70%
Ho.g.r ♂️ Holger
70%
J.l.a.e ♀️ Juliane
70%
Ro.w.t.a ♀️ Roswitha
70%
Vi.z..z ♂️ Vinzenz
70%
27. April C.n ♂️ Can
60%
El.e ♀️ Else
60%
K.r.n ♀️ Karin
60%
M.l..a ♀️ Milena
60%
Ws.t.a.d ♀️ Waltraud
60%
4. April B.n.d..t ♂️ Benedikt
50%
Ge.n.t ♂️ Gernot
50%
Is.d.r ♂️ Isidor
50%
Pa.l..e ♀️ Pauline
50%
14. April Er.a ♀️ Erna
40%
12. April H.r.a | He.t.a ♀️ Herta | Hertha
40%
K.t.a ♀️ Katja
40%
P.t..s ♂️ Petrus
40%
Sa.d.a ♀️ Sandra
40%
Ge.o.d ♂️ Gerold
30%
Hu.o ♂️ Hugo
30%
28. April Hu.o ♂️ Hugo*
30%
Hu.o ♂️ Hugo*
30%
H.l.a ♀️ Hulda
30%
Ju.t..e ♀️ Justine
30%
30. April Mi.a ♀️ Mira
30%
11. April St.n..l..s ♂️ Stanislaus
30%
Wl.d..l.w ♂️ Wladyslaw
30%
15. April As.a ♀️ Asta
20%
A.a ♀️ Aya
20%
M.r..n ♀️♂️ Marian
20%
6. April Si.t.s ♂️ Sixtus
20%
Ze.o ♂️ Zeno
20%
E.n.s.a ♀️ Ernesta
10%
1. April Gr.z..a ♀️ Grazyna
10%
W.l.h..d ♂️ Wolfhard
10%
Zi.a ♀️ Zita
10%
A.s..m ♂️ Anselm
0%
K.e.z..t.a ♀️ Kreszentia
0%
P.e..e ♂️ Pierre
0%
16. April Se.g..s ♂️ Sergius
0%
Keine übereinstimmenden Quizze gefunden
Verteilung der Resultate
Anzahl Personen mit jedem Resultat
Perzentil nach korrekt beantworteten Fragen
Ihre Resultats-Entwicklung
Sie haben dieses Quiz noch nicht gespielt